书目信息 |
| 题名: |
犹太文化史
|
|
| 作者: | 徐新 著 | |
| 分册: | ||
| 出版信息: | 北京 北京大学出版社 2006 |
|
| 页数: | 399页 | |
| 开本: | 23cm | |
| 丛书名: | 北大版文化史丛书 | |
| 单 册: | ||
| 中图分类: | K18 | |
| 科图分类: | ||
| 主题词: | 犹太人--民族文化--文化史 , 犹太人 , 民族文化 , 文化史 | |
| 电子资源: | ||
| ISBN: | 7-301-07621-5 | |
| 000 | 00951oam2 2200301 450 | |
| 001 | 012007543810 | |
| 005 | 20070522175222.31 | |
| 010 | @a7-301-07621-5@dCNY42.00 | |
| 100 | @a20070515d2006 km y0chiy0120 ea | |
| 101 | 0 | @achi |
| 102 | @aCN@b110000 | |
| 105 | @aa z 000yy | |
| 106 | @ar | |
| 200 | 1 | @a犹太文化史@Ayou tai wen hua shi@f徐新著@Fxu xin zhu |
| 210 | @a北京@c北京大学出版社@d2006 | |
| 215 | @a399页@c图@d23cm | |
| 225 | 2 | @a北大版文化史丛书 |
| 330 | @a本书以历史为线索,系统描述犹太文化形成的过程,其所包含的基本思想和对世界文明产生的具体影响。本书从犹太文化的形成直至20世纪犹太文化逐渐发展光大进行了全景式的描述。 | |
| 461 | 0 | @12001 @a北大版文化史丛书 |
| 510 | 1 | @aHistory of Jewish culture@zeng |
| 606 | 0 | @a犹太人@x民族文化@x文化史 |
| 606 | 0 | @a犹太人 |
| 606 | 0 | @a民族文化 |
| 606 | 0 | @a文化史 |
| 690 | @aK18@v4 | |
| 701 | 0 | @a徐新@Axu xin@c(教授)@4著 |
| 801 | 0 | @aCN@bRULIN@c20070522 |
| 905 | @dK18@e167@s8 | |
| 犹太文化史/徐新著.-北京:北京大学出版社,2006 |
| 399页:图;23cm.-(北大版文化史丛书) |
| ISBN 7-301-07621-5:CNY42.00 |
| 本书以历史为线索,系统描述犹太文化形成的过程,其所包含的基本思想和对世界文明产生的具体影响。本书从犹太文化的形成直至20世纪犹太文化逐渐发展光大进行了全景式的描述。 |
| ● |
| 相关链接 |
|
|
|
|
正题名:犹太文化史
索取号:K18/167
 
预约/预借
| 序号 | 登录号 | 条形码 | 馆藏地/架位号 | 状态 | 备注 |
| 1 | 0579941 | 205799411 | 第二样本阅览室/ [索取号:K18/167] | 在馆 | |
| 2 | 0579942 | 205799420 | 第二借阅区/ [索取号:K18/167] | 在馆 | |
| 3 | 0579943 | 205799439 | 第二借阅区/ [索取号:K18/167] | 在馆 | |
| 4 | 0579944 | 205799448 | 第二借阅区/ [索取号:K18/167] | 在馆 | |
| 5 | 0579945 | 205799457 | 第二借阅区/ [索取号:K18/167] | 在馆 | |
| 6 | 0579946 | 205799466 | 第二借阅区/ [索取号:K18/167] | 在馆 | |
| 7 | 0579947 | 205799475 | 第二借阅区/ [索取号:K18/167] | 在馆 | |
| 8 | 0579948 | 205799484 | 第二借阅区/ [索取号:K18/167] | 在馆 |